000 00998cam a2200229 4500
001 ABS65821
008 020830n2002 000 0 eng u
035 _a(Sirsi) u119507
100 _aBingham, T.
245 _aBarking neighbours
260 _c2002
490 _aBuilding
_v267(8243) 19 July 2002, 62-63(2)
520 _aExamines the case Fowler v Jones where two neighbours have become entreched in a bitter dispute over the alleged behaviour of Miss Ellen Jones. Explains the concept of private nusiance which although it starts as doing what you are entitled to do on your land it only becomes an actual nuisance when it interferes with comfort or enjoyment of a neighbours property.
590 _aABS
650 _aPRIVATE NUISANCE
650 _aNEIGHBOURHOOD NUISANCE
650 _aFOWLER V JONES
650 _aENFORCEMENT NOTICE
650 _aNOISE NUISANCE
690 _aMANGEMENT-DISPUTE AVOIDANCE, MANAGEMENT AND RESOLUTION-DISPUTE MANAGEMENT AND RESOLUTION
942 _n0
999 _c71049
_d71049